Catálogo - Centro de Recursos para el Aprendizaje y la Investigación

Volver al Sitio - CRAI Biblioteca

Estudio jurídico sobre los delitos de sangre : (Registro nro. 114597)

Detalles MARC
000 -CABECERA
campo de control de longitud fija 00649nam a2200205Ia 4500
001 - NÚMERO DE CONTROL
campo de control 114597
003 - IDENTIFICADOR DEL NÚMERO DE CONTROL
campo de control DR-UNIBE
005 - FECHA Y HORA DE LA ÚLTIMA TRANSACCIÓN
campo de control 20260423104602.0
008 - DATOS DE LONGITUD FIJA--INFORMACIÓN GENERAL
campo de control de longitud fija 260423b1997 dr ||||| |||| 00| 0 spa d
040 ## - FUENTE DE LA CATALOGACIÓN
Centro/agencia transcriptor BIBLIOTECA UNIBE
Centro catalogador/agencia de origen Biblioteca UNIBE
Lengua de catalogación spa
041 ## - CÓDIGO DE LENGUA
Código de lengua del texto/banda sonora o título independiente spa
082 ## - NÚMERO DE LA CLASIFICACIÓN DECIMAL DEWEY
Número de clasificación F-RD 6039
100 #0 - ENTRADA PRINCIPAL--NOMBRE DE PERSONA
Nombre de persona Hernández Mejía, Edgar
Término indicativo de función/relación autor
9 (RLIN) 5180
245 10 - MENCIÓN DE TÍTULO
Título Estudio jurídico sobre los delitos de sangre :
Resto del título parte II /
Mención de responsabilidad, etc. Edgar Hernández Mejía
260 ## - PUBLICACIÓN, DISTRIBUCIÓN, ETC.
Lugar de publicación, distribución, etc. Santo Domingo :
Nombre del editor, distribuidor, etc. Editora de Colores,
Fecha de publicación, distribución, etc. 1997
300 4# - DESCRIPCIÓN FÍSICA
Extensión 62 páginas
650 #4 - PUNTO DE ACCESO ADICIONAL DE MATERIA--TÉRMINO DE MATERIA
Término de materia o nombre geográfico como elemento de entrada Delitos
9 (RLIN) 110475
650 #4 - PUNTO DE ACCESO ADICIONAL DE MATERIA--TÉRMINO DE MATERIA
Término de materia o nombre geográfico como elemento de entrada Sangre en criminología
Subdivisión general Aspectos jurídicos
9 (RLIN) 204312
942 ## - ELEMENTOS DE PUNTO DE ACCESO ADICIONAL (KOHA)
Fuente del sistema de clasificación o colocación Sistema de Clasificación Decimal Dewey
Tipo de ítem Koha Folleto
Existencias
Estado de retiro Estado de pérdida Fuente del sistema de clasificación o colocación Estado dañado No para préstamo Código de colección Localización permanente Fecha de adquisición Total de préstamos Signatura topográfica completa Código de barras Fecha visto por última vez Número de copia Precio válido a partir de Tipo de ítem Koha
  Disponible Sistema de Clasificación Decimal Dewey     Folletos - Dominicanos Biblioteca Central UNIBE 01/01/2026   F-RD 6039 F250200 23/04/2026 Ej. 1 23/04/2026 Folleto